00647nam a2200181Ia 4500008004100000020001800041041000800059082001600067100001300083245007800096260001400174300000800188365001700196700001300213906005100226999001900277952016900296230718s9999 xx 000 0 und d a9789352138975 aeng a005.74bDAS aDas N.C. aData Science For ProfessionalsbExperimental Designs With Least Resources c2019bSPD a530 cRs.b1300.00 aDas N.C. dO:0682931-Dec-2019B:99718-Dec-2019cBCOMPb325 c350727d350727 00104070aCCEPbCCEPd2019-12-31eVarma Book DistributorsfBCOMPg975.00i997l0o005.74pCCEP-BK-61934r2023-07-18 00:00:00t325v1300.00w2019-12-18yBKz061934